Mahakash jugar panchas basar/ (Record no. 11195)

MARC details
000 -LEADER
fixed length control field 00535nam a22001937a 4500
005 - DATE AND TIME OF LATEST TRANSACTION
control field 20211004125250.0
008 - FIXED-LENGTH DATA ELEMENTS--GENERAL INFORMATION
fixed length control field 211004b ||||| |||| 00| 0 eng d
040 ## - CATALOGING SOURCE
Original cataloging agency IN-DiNC
Transcribing agency IN-DiNC
041 ## - LANGUAGE CODE
Language code of sung or spoken text Assamese
082 ## - DEWEY DECIMAL CLASSIFICATION NUMBER
Classification number 500.5
Item number SAR
100 ## - MAIN ENTRY--PERSONAL NAME
Personal name Sarma, Khanindra Kumar
Relator term Author
245 ## - TITLE STATEMENT
Title Mahakash jugar panchas basar/
Statement of responsibility, etc. by Khanindra Kumar Sarma
250 ## - EDITION STATEMENT
Edition statement 1st ed.
260 ## - PUBLICATION, DISTRIBUTION, ETC.
Place of publication, distribution, etc. Guwahati:
Name of publisher, distributor, etc. Publication Board Assam,
Date of publication, distribution, etc. 2008
300 ## - PHYSICAL DESCRIPTION
Extent 148p.
650 ## - SUBJECT ADDED ENTRY--TOPICAL TERM
Topical term or geographic name entry element Fifty years of space age
650 ## - SUBJECT ADDED ENTRY--TOPICAL TERM
Topical term or geographic name entry element Space science
942 ## - ADDED ENTRY ELEMENTS (KOHA)
Source of classification or shelving scheme Dewey Decimal Classification
Koha item type Books
Holdings
Withdrawn status Lost status Source of classification or shelving scheme Damaged status Not for loan Collection code Home library Current library Shelving location Date acquired Cost, normal purchase price Total Checkouts Full call number Barcode Date last seen Copy number Price effective from Koha item type
    Dewey Decimal Classification     General Collection Central Library, Naharkatiya College Central Library, Naharkatiya College General Stacks 04/10/2021 90.00   500.5 SAR 26005 04/10/2021 1 04/10/2021 Books

Naharkatiya College © 2020. All rights reserved.

Powered By